[Event "d10"]
[Site "?"]
[Date "2020.08.28"]
[Round "11.2"]
[White "Czajka, Faustyna"]
[Black "Drozdz, Amelia"]
[Result "1-0"]
[BlackElo "1143"]
[WhiteElo "1420"]
[LiveChessVersion "1.4.8"]

1. e4 c5 2. Nf3 Nc6 3. d4 cxd4 4. Nxd4 g6 5. c4 Bg7 6. Be3 d6 7. Nc3 Nf6 8. f3
O-O 9. Be2 Nxd4 10. Bxd4 a6 11. O-O Bd7 12. Qd2 Rb8 13. a3 b5 14. cxb5 axb5 15.
Be3 Re8 16. Bh6 Qb6+ 17. Kh1 b4 18. axb4 Qxb4 19. Rab1 Nh5 20. Bxg7 Nxg7 21. e5
Bf5 22. Bd3 Qd4 23. Rfd1 Bxd3 24. Qxd3 Qxd3 25. Rxd3 dxe5 26. Re3 f6 27. h3 Nf5
28. Ree1 Rb7 29. Kh2 Reb8 30. Re2 Rc8 31. Rc2 Nd4 32. Rcc1 Rcb8 33. Nd5 e6 34.
Nxf6+ Kg7 35. Ne4 Rxb2 36. Rxb2 Rxb2 37. Rc7+ Kh6 38. Nf6 Nxf3+ 39. Kg3 Rb3 40.
gxf3 Kg5 41. Nxh7+ Kh6 42. Nf6 Kg5 43. Ne4+ Kh6 44. h4 Rb1 45. Nf6 Rg1+ 46. Kf2
Rf1+ 47. Kxf1 e4 48. Rh7# 1-0

[Event "d10"]
[Site "?"]
[Date "2020.08.28"]
[Round "11.3"]
[White "Borowik, Monika"]
[Black "Walewska, Natalia"]
[Result "1-0"]
[BlackElo "1010"]
[WhiteElo "1207"]
[LiveChessVersion "1.4.8"]

1. d4 {[%clk 0:15:18]} d5 {[%clk 0:15:18]} 2. c4 {[%clk 0:15:26]} c6
{[%clk 0:15:24]} 3. Nf3 {[%clk 0:15:24]} Bg4 {[%clk 0:15:29]} 4. Ne5
{[%clk 0:14:57]} Bh5 {[%clk 0:15:12]} 5. Nc3 {[%clk 0:14:37]} e6 {[%clk 0:15:07]}
6. g3 {[%clk 0:14:15]} Nf6 {[%clk 0:15:03]} 7. Bg2 {[%clk 0:13:33]} Nbd7
{[%clk 0:14:32]} 8. f4 {[%clk 0:12:37]} Bb4 {[%clk 0:13:27]} 9. O-O
{[%clk 0:11:53]} O-O {[%clk 0:13:24]} 10. a3 {[%clk 0:11:03]} Ba5
{[%clk 0:13:06]} 11. b4 {[%clk 0:10:57]} Bc7 {[%clk 0:13:12]} 12. Qc2
{[%clk 0:09:53]} Nxe5 {[%clk 0:12:46]} 13. fxe5 {[%clk 0:09:51]} Bg6
{[%clk 0:12:01]} 14. Qd1 {[%clk 0:08:54]} Nd7 {[%clk 0:11:21]} 15. e3
{[%clk 0:08:19]} f6 {[%clk 0:10:29]} 16. exf6 {[%clk 0:07:58]} Nxf6
{[%clk 0:10:36]} 17. Bh3 {[%clk 0:07:54]} Qd7 {[%clk 0:10:22]} 18. cxd5
{[%clk 0:07:30]} cxd5 {[%clk 0:10:25]} 19. Qa4 {[%clk 0:07:02]} Qxa4
{[%clk 0:10:23]} 20. Bxe6+ {[%clk 0:06:59]} Bf7 {[%clk 0:10:13]} 21. Bxf7+
{[%clk 0:07:07]} Rxf7 {[%clk 0:10:21]} 22. Nxa4 {[%clk 0:07:15]} Ne4
{[%clk 0:10:23]} 23. Bb2 {[%clk 0:06:48]} Rxf1+ {[%clk 0:10:15]} 24. Rxf1
{[%clk 0:06:56]} Rf8 {[%clk 0:10:21]} 25. Rxf8+ {[%clk 0:07:00]} Kxf8
{[%clk 0:10:30]} 26. Nc5 {[%clk 0:07:05]} Nxc5 {[%clk 0:10:38]} 27. bxc5
{[%clk 0:07:12]} b6 {[%clk 0:10:30]} 28. cxb6 {[%clk 0:07:17]} Bxb6
{[%clk 0:10:38]} 29. Kf2 {[%clk 0:07:25]} Ke7 {[%clk 0:10:46]} 30. Kf3
{[%clk 0:07:28]} Kf6 {[%clk 0:10:45]} 31. h4 {[%clk 0:07:13]} h5 {[%clk 0:10:48]}
32. a4 {[%clk 0:07:11]} Kf5 {[%clk 0:10:29]} 33. Ba3 {[%clk 0:07:13]} g6
{[%clk 0:10:33]} 34. Bc5 {[%clk 0:07:20]} Ke6 {[%clk 0:10:10]} 35. Bxb6
{[%clk 0:07:22]} axb6 {[%clk 0:10:18]} 36. Kf4 {[%clk 0:07:30]} Kf6
{[%clk 0:10:24]} 37. g4 {[%clk 0:07:30]} hxg4 {[%clk 0:10:31]} 38. Kxg4
{[%clk 0:07:39]} Ke6 {[%clk 0:10:03]} 39. Kg5 {[%clk 0:07:40]} Kf7
{[%clk 0:09:37]} 40. Kf4 {[%clk 0:07:38]} Kf6 {[%clk 0:09:26]} 41. e4
{[%clk 0:07:46]} dxe4 {[%clk 0:09:35]} 42. Kxe4 {[%clk 0:07:55]} Ke6
{[%clk 0:09:35]} 43. d5+ {[%clk 0:08:01]} Kd6 {[%clk 0:09:43]} 44. Kd4
{[%clk 0:08:07]} Kd7 {[%clk 0:09:49]} 45. Ke5 {[%clk 0:08:14]} Ke7
{[%clk 0:09:58]} 46. d6+ {[%clk 0:08:18]} Kd7 {[%clk 0:10:00]} 47. Kd5
{[%clk 0:08:26]} Kd8 {[%clk 0:10:06]} 48. Kc6 {[%clk 0:08:33]} Kc8
{[%clk 0:10:12]} 49. Kxb6 {[%clk 0:08:41]} Kd7 {[%clk 0:10:20]} 50. a5
{[%clk 0:08:50]} Kxd6 {[%clk 0:10:27]} 51. a6 {[%clk 0:08:58]} Kd7
{[%clk 0:10:35]} 52. Kb7 {[%clk 0:09:06]} Ke6 {[%clk 0:10:36]} 53. a7
{[%clk 0:09:15]} Kf5 {[%clk 0:10:44]} 54. a8=Q {[%clk 0:09:23]} g5
{[%clk 0:10:52]} 55. hxg5 {[%clk 0:09:30]} Kxg5 {[%clk 0:11:00]} 56. Qd8+
{[%clk 0:09:34]} Kf5 {[%clk 0:11:04]} 57. Qe7 {[%clk 0:09:41]} Kf4
{[%clk 0:11:11]} 58. Qe6 {[%clk 0:09:50]} Kg5 {[%clk 0:11:12]} 59. Qf7
{[%clk 0:09:56]} Kg4 {[%clk 0:11:15]} 60. Qf6 {[%clk 0:10:05]} Kg3
{[%clk 0:11:23]} 61. Qf5 {[%clk 0:10:13]} Kg2 {[%clk 0:11:31]} 62. Qf4
{[%clk 0:10:22]} Kg1 {[%clk 0:11:31]} 63. Qf3 {[%clk 0:10:27]} Kh2
{[%clk 0:11:37]} 64. Qg4 {[%clk 0:10:35]} Kh1 {[%clk 0:11:46]} 65. Kc6
{[%clk 0:10:43]} Kh2 {[%clk 0:11:52]} 66. Kd5 {[%clk 0:10:52]} Kh1
{[%clk 0:12:00]} 67. Ke4 {[%clk 0:11:00]} Kh2 {[%clk 0:12:05]} 68. Kf3
{[%clk 0:11:08]} Kh1 {[%clk 0:12:10]} 69. Qg2# 1-0

[Event "d10"]
[Site "?"]
[Date "2020.08.28"]
[Round "11.4"]
[White "Kretowicz, Daria"]
[Black "Wieczorek, Maja"]
[Result "0-1"]
[BlackElo "1030"]
[WhiteElo "1069"]
[LiveChessVersion "1.4.8"]

1. e4 {[%clk 0:15:17]} e5 {[%clk 0:15:19]} 2. Nf3 {[%clk 0:15:25]} Nc6
{[%clk 0:15:28]} 3. Bc4 {[%clk 0:15:31]} Bc5 {[%clk 0:15:35]} 4. c3
{[%clk 0:15:20]} Nf6 {[%clk 0:15:37]} 5. d4 {[%clk 0:15:15]} exd4
{[%clk 0:15:42]} 6. e5 {[%clk 0:15:20]} d5 {[%clk 0:15:47]} 7. Bb5
{[%clk 0:14:53]} Ne4 {[%clk 0:15:48]} 8. cxd4 {[%clk 0:14:45]} Bb6
{[%clk 0:15:54]} 9. Nc3 {[%clk 0:13:47]} O-O {[%clk 0:15:26]} 10. h3
{[%clk 0:13:15]} f6 {[%clk 0:14:38]} 11. O-O {[%clk 0:12:15]} fxe5
{[%clk 0:13:09]} 12. dxe5 {[%clk 0:09:43]} Be6 {[%clk 0:12:40]} 13. Be3
{[%clk 0:08:15]} a6 {[%clk 0:09:04]} 14. Ba4 {[%clk 0:08:02]} Ne7
{[%clk 0:07:53]} 15. Bxb6 {[%clk 0:07:04]} cxb6 {[%clk 0:07:56]} 16. Qd3
{[%clk 0:05:31]} Ng6 {[%clk 0:06:43]} 17. Nxe4 {[%clk 0:05:05]} dxe4
{[%clk 0:06:11]} 18. Qxe4 {[%clk 0:04:55]} Rf4 {[%clk 0:06:03]} 19. Qc2
{[%clk 0:03:40]} Bxh3 {[%clk 0:05:03]} 20. gxh3 {[%clk 0:02:53]} Rxf3
{[%clk 0:05:07]} 21. Kh2 {[%clk 0:02:01]} Qh4 {[%clk 0:04:35]} 22. Bd7
{[%clk 0:01:35]} Nf4 {[%clk 0:04:05]} 23. Qf5 {[%clk 0:00:47]} Rxh3+
{[%clk 0:03:13]} 24. Qxh3 {[%clk 0:00:37]} Nxh3 {[%clk 0:03:15]} 25. Bxh3
{[%clk 0:00:40]} Rd8 {[%clk 0:03:08]} 26. Rac1 {[%clk 0:00:39]} Rd3
{[%clk 0:02:44]} 27. Rc8+ {[%clk 0:00:32]} Kf7 {[%clk 0:02:46]} 28. Rc7+
{[%clk 0:00:40]} Kg6 {[%clk 0:02:51]} 29. Rg1+ {[%clk 0:00:37]} Kh6
{[%clk 0:02:46]} 0-1

[Event "d10"]
[Site "?"]
[Date "2020.08.28"]
[Round "11.6"]
[White "Figa, Karolina"]
[Black "Polakiewicz, Blanka"]
[Result "1-0"]
[BlackElo "1178"]
[WhiteElo "1350"]
[LiveChessVersion "1.4.8"]

1. c4 e5 2. Nc3 Nc6 3. g3 g6 4. Bg2 Bg7 5. Nf3 Nf6 6. d3 d6 7. Bg5 h6 8. Bxf6
Bxf6 9. O-O O-O 10. Qd2 Bg7 11. Nd5 Be6 12. Ne3 Rb8 13. b4 b5 14. cxb5 Rxb5 15.
Rab1 Qb8 16. a3 a5 17. Nc2 Bd5 18. a4 Rb7 19. b5 Ne7 20. Ne3 Bxf3 21. Bxf3 Ra7
22. Nc4 d5 23. Ne3 Rd8 24. Qa2 Qa8 25. Rfc1 Rd7 26. Rc5 Qd8 27. Nxd5 h5 28. Nxe7+
Qxe7 29. Rbc1 Kh7 30. Qc4 Bh6 31. Rc2 Bg7 32. Bg2 Kg8 33. Bh3 Rd4 34. Rxc7
{[%clk 0:01:41]} Rxc4 {[%clk 0:00:13]} 35. Rxe7 {[%clk 0:01:45]} Rxe7 36. Rxc4
Ra7 37. Rc5 f6 38. b6 Rb7 39. Rxa5 Rxb6 40. Rb5 Ra6 41. a5 Kh7 42. Bg2 Bf8 43.
Bb7 Ra7 44. a6 Kh6 45. Rb6 Bg7 46. Bc8 f5 47. Bxf5 Kg5 48. Bxg6 Bf6 49. Be4 Be7
50. Bb7 Bc5 51. Rc6 Bd4 52. Rc8 Bb6 53. Ra8 Kf6 54. Kf1 Ke6 55. Ke1 Kd6 56. Kd2
Kc7 57. e3 Kd6 58. Kc3 Kc7 59. Kc4 Kd6 60. Rxa7 Bxa7 61. h4 Kc7 62. Kd5 Bb8 63.
Kxe5 Kb6+ 64. Kf5 Bd6 65. e4 Bc5 66. f4 Bf2 67. g4 Bxh4 68. gxh5 Be7 69. h6 Bf8
70. h7 Bg7 71. Kg6 Bc3 72. e5 Bd4 73. h8=Q Ka7 74. Qa8+ Kb6 1-0

[Event "d10"]
[Site "?"]
[Date "2020.08.28"]
[Round "11.7"]
[White "Jeziorska, Anna"]
[Black "Seemann, Lena"]
[Result "1-0"]
[BlackElo "1008"]
[WhiteElo "1264"]
[LiveChessVersion "1.4.8"]

1. e4 b6 2. d4 Bb7 3. Nc3 e6 4. f3 Bb4 5. Nge2 Nf6 6. a3 Bxc3+ 7. Nxc3 O-O 8. Bd3
d6 9. O-O Nbd7 10. Bg5 h6 11. Bh4 Qc8 12. e5 Nd5 13. Ne2 dxe5 14. dxe5 Nxe5 15.
Qd2 c5 16. c3 c4 17. Bb1 Qc5+ 18. Bf2 Qe7 19. Qc2 f5 20. Bg3 Ne3 21. Qc1 Nxf1 22.
Bxe5 Qc5+ 23. Bd4 Qd6 24. Qxf1 e5 25. Bf2 Qd2 26. Ra2 Qg5 27. Ng3 f4 28. Qxc4+
Kh8 29. Ne4 Bxe4 30. Bxe4 Rac8 31. Qb4 Rfd8 32. Ra1 Rd2 33. c4 Rcd8 34. Rf1 Rd1
35. h3 Rxf1+ 36. Kxf1 Rd1+ 37. Be1 Qd8 38. Ke2 a5 39. Qb5 g5 40. Qxe5+ Kg8 41.
Bd5+ Rxd5 42. Qxd5+ Qxd5 43. cxd5 Kf7 44. b4 axb4 45. Bxb4 Kf6 46. d6 Ke6 47. Kd3
Kd7 48. Kc4 Kc6 49. a4 h5 50. Ba3 h4 51. Kb4 Kxd6 52. Kb5+ Kc7 53. Be7 Kb7 54.
Bxg5 Kc7 55. Bxf4+ Kb7 56. Be3 Kb8 57. Kxb6 Ka8 58. f4 Kb8 59. f5 Kc8 60. f6 Kd8
61. a5 Ke8 62. a6 Kf7 63. Bd4 Kg6 64. a7 Kf7 65. a8=Q Kg6 66. Qg8+ Kf5 67. Qg4#
1-0